| 000 | 00906nam a2200253 a 4500 | ||
|---|---|---|---|
| 001 | 000005433 | ||
| 005 | 20200929151658.0 | ||
| 008 | 090819s1975 es 001 0 spa d | ||
| 020 | _a8400041038 | ||
| 040 | _aDO-SdBNP | ||
| 082 |
_a808.06 _bD671c |
||
| 100 | 1 |
_aDomínguez Caparrós, José _915434 |
|
| 245 | 1 | 0 |
_aContribución a la historia de las teorías métricas en los siglos XVIII y XIX / _cJosé Domínguez Caparrós. |
| 260 |
_aMadrid : _bConsejo Superior de Investigaciones Científicas, _c1975. |
||
| 300 |
_a544 p. : _b25 cm. |
||
| 500 | _aIncluye tabla de contenidos | ||
| 500 | _aIncluye datos biográficos | ||
| 500 | _aIncluye referencia bibliográficas | ||
| 650 | 4 |
_aVersificación _xArte de escribir _915435 |
|
| 650 | 4 |
_aLengua española _ySIGLO XVIII _915436 |
|
| 650 | 4 |
_aLengua española _ySIGLO XIX _915437 |
|
| 650 | 4 |
_aLenguaje y lengua _xOrtografía _915438 |
|
| 049 | _aBNPD | ||
| 999 |
_c5233 _d5233 |
||